000 00311nam a2200133 i 4500
001 bg
100 1 _aPAWLICA, Jan
245 0 _aO konfliktach i postawach moralnych /
_cJan Pawlica.
260 _aKraków,
_c1973.
040 _cBPK
041 _apol
942 _cKS
008 s pl f |000 0 pol
999 _c20205
_d20205
856 _uhttp://koha.tu.koszalin.pl/cgi-bin/koha/opac-detail.pl?biblionumber=20205
_yKatalog online BPK